Loading...
| History - World | 0 | 5 | 0 | 2 | 50 | 38 | 88.20 | 1 | 3 | 8.19 | 24.00 |
| Fine Arts - Painting and Sculpture | 0 | 3 | 0 | 1 | 30 | 90 | 100.33 | 0 | 1 | 4.92 | 16.00 |
| Literature - World | 0 | 3 | 0 | 1 | 30 | 86 | 107.33 | 0 | 2 | 3.85 | 12.00 |
| Popular Culture | 0 | 3 | 0 | 0 | 30 | 54 | 79.67 | 0 | 1 | 12.96 | 17.14 |
| History - American | 0 | 3 | 0 | 0 | 30 | 52 | 56.33 | 0 | 2 | 14.41 | 14.00 |
| History - Other | 0 | 3 | 1 | 0 | 25 | 21 | 48.67 | 1 | 3 | 16.97 | 22.00 |
| Current Events | 0 | 2 | 0 | 1 | 20 | 100 | 104.50 | 0 | 0 | 0.33 | 13.33 |
| Fine Arts - Classical Music | 0 | 2 | 0 | 0 | 20 | 106 | 107.50 | 1 | 1 | 0.09 | 12.00 |
| Geography | 0 | 3 | 2 | 1 | 20 | 65 | 88.67 | 0 | 1 | 9.92 | 20.00 |
| History - European | 0 | 2 | 0 | 1 | 20 | 59 | 78.00 | 0 | 0 | 4.27 | 6.00 |
| Mythology | 0 | 2 | 0 | 1 | 20 | 76 | 84.50 | 0 | 1 | 3.50 | 8.00 |
| Science - Other | 0 | 2 | 0 | 0 | 20 | 56 | 77.50 | 0 | 0 | 5.37 | 8.00 |
| Science - Physics | 0 | 2 | 0 | 2 | 20 | 104 | 108.50 | 0 | 0 | 0.00 | 4.00 |
| Religion | 0 | 2 | 1 | 1 | 15 | 66 | 82.50 | 0 | 0 | 4.55 | 6.00 |
| Science - Biology | 0 | 1 | 0 | 0 | 10 | 55 | 55.00 | 0 | 1 | 4.71 | 8.00 |
| Literature - British | 0 | 1 | 0 | 0 | 10 | 109 | 109.00 | 0 | 0 | 0.00 | 2.00 |
| Science - Chemistry | 0 | 1 | 0 | 0 | 10 | 57 | 57.00 | 1 | 1 | 4.24 | 10.00 |
| Fine Arts - Other | 0 | 0 | 1 | 0 | -5 | 0.00 | 0 | 0 | 0.00 | 0.00 |